000 01011 a2200241 4500
999 _c10138
_d10138
020 _a9781564842381
020 _a9781564842381
050 0 0 _aLB1027.43 BOS 2007
100 1 _aBoss, Suzie.
_eauthor
245 1 0 _aReinventing project-based learning :
_byour field guide to real-world projects in the digital age /
_cSuzie Boss & Jane Krauss.
250 _a1st ed.
264 _aWashington DC :
_bInternational Society for Technology in Education (ISTE),
_c2007.
300 _ax, 200 p. :
_bill. ;
500 _aEducation/Technology
504 _aIncludes bibliographical references (p. 191-194) and index.
650 0 _aProject method in teaching.
650 0 _aInternet in education.
650 0 _aEducational technology.
700 1 _aKrauss, Jane.
_eauthor
856 4 1 _3Table of contents
_uhttp://www.loc.gov/catdir/toc/fy0803/2007038963.html
942 _2lcc
_cBK
_e1st ed.
_h1027.43
_iBOS
_kLB